Statistics for Top Uber Destinations in the Wolrd

Click here to take the quiz!

General Stats

  • This quiz has been taken 76 times
  • The average score is 11 of 15

Answer Stats

HintAnswer% Correct
France{Eiffel} Tower
96%
United States{Empire} {State} Building
93%
Germany{Berlin} Wall
89%
United Kingdom{Buckingham} Palace
89%
United States{Golden} {Gate} Bridge
86%
UAEBurj {Khalifa}
81%
BrazilChrist the {Redeemer}
77%
Canada{CN} Tower
77%
Australia{Sydney} {Opera} House
76%
United States{Disney}land
66%
EgpytGreat {Pyramid} of {Giza}
64%
FranceArc de {Triomphe}
60%
(Italy)The {Vatican}
51%
TurkeyThe {Blue} Mosque
49%
United States{Freedom} Tower
23%

Score Distribution

Percentile by Number Answered

Percent of People with Each Score

Your Score History

You have not taken this quiz